Islands By Shape - Multiple Choice - Statistics

General Stats
  • This quiz has been taken 119 times
  • The average score is 9 of 10
Answer Stats
Question Answer % Correct
Crete
100%
Madagascar
100%
Greenland
100%
Sardinia
100%
Baffin
100%
Sicily
86%
Vancouver
86%
Honshu
86%
Borneo
71%
Hokkaido
71%
No matching quizzes found
Score Distribution
Percent of People with Each Score
Percentile by Number Answered
Your Score History
You have not taken this quiz